|
|
|
|
| LEADER |
01308nam a2200337 i 4500 |
| 001 |
39618 |
| 003 |
BD-DhAAL |
| 008 |
170214r20212017enk b 001 0 eng d |
| 999 |
|
|
|c 44027
|d 44027
|
| 010 |
|
|
|a 2016048333
|
| 020 |
|
|
|a 9781032179230 (pbk)
|
| 020 |
|
|
|a 9781138668782 (hardback : alk. paper)
|
| 020 |
|
|
|z 9781315618470 (ebook)
|
| 040 |
|
|
|a DLC
|b eng
|c DLC
|e rda
|d DLC
|d BD-DhAAL
|
| 042 |
|
|
|a pcc
|
| 050 |
0 |
0 |
|a PN4784.T34
|b C48 2017
|
| 082 |
0 |
0 |
|a 070.430284
|2 23
|
| 100 |
1 |
|
|a Chamberlain, Phil,
|d 1971-
|e author.
|9 51386
|
| 245 |
1 |
0 |
|a Drones and journalism :
|b how the media is making use of unmanned aerial vehicles /
|c Phil Chamberlain.
|
| 264 |
|
1 |
|a London ;
|a New York :
|b Routledge,
|c c2017 [2021].
|
| 300 |
|
|
|a 118 pages ;
|c 23 cm.
|
| 490 |
0 |
|
|a Routledge focus
|
| 504 |
|
|
|a Includes bibliographical references and index.
|
| 526 |
|
|
|a PPDM, ARC
|
| 541 |
|
|
|a Book Finder International
|e 39618
|
| 650 |
|
0 |
|a Journalism
|x Technological innovations.
|9 51387
|
| 650 |
|
0 |
|a Drone aircraft.
|9 51388
|
| 830 |
|
|
|a Routledge focus
|9 51389
|
| 852 |
|
|
|a Ayesha Abed Library
|c General Stacks
|
| 942 |
|
|
|2 ddc
|c BK
|
| 952 |
|
|
|0 0
|1 0
|2 ddc
|4 0
|6 070_430284000000000_CHA
|7 0
|9 71853
|a BRACUL
|b BRACUL
|c GEN
|d 2022-09-12
|e Book Finder International
|g 1106.51
|l 0
|o 070.430284 CHA
|p 3010039618
|r 2022-09-12
|t 1
|v 1106.51
|w 2022-09-12
|y BK
|